| 000 | 00580nam a2200181Ia 4500 | ||
|---|---|---|---|
| 008 | 170725s9999 xx 000 0 und d | ||
| 100 | _aLuisito C. Abueg | ||
| 245 | 3 | _aAn Econometric History of Philippine Trade: 1810–1899 | |
| 245 | _cLuisito C. Abueg | ||
| 260 | _c2017 | ||
| 300 | _apages 125-146, January | ||
| 440 |
_aDLSU Business & Economics Review _v26:2 |
||
| 500 | _aCJ0034 | ||
| 650 | _acolonial trade | ||
| 650 | _ainternational economic history, time series econometrics | ||
| 650 | _aPhilippine economic history | ||
| 650 | _aSpanish era, Philippine trade | ||
| 999 |
_c340911 _d340911 |
||